000
00222nam a22001097a 4500
003
OSt
008
221031b |||||||| |||| 00| 0 eng d
041
_a
eng
082
_a
028.7261
_b
VAL
245
_a
Valve manual
942
_c
BK
999
_c
17563
_d
17563